The ins and outs of gay sex: a medical handbook /

Đã lưu trong:
Chi tiết về thư mục
Tác giả chính: Goldstone, Stephen E. (Tác giả)
Định dạng: Sách
Ngôn ngữ:Tiếng Anh
Được phát hành: New York : Dell, 1999
Các nhãn: Thêm thẻ
Không có thẻ, Là người đầu tiên thẻ bản ghi này!

MARC

LEADER 00000nam a22000007i 4500
001 IT\ICCU\UBO\3436517
003 ItRI
005 20260115231818.0
008 080612s1999 xxu|||||| ||||| |||||c
020 |a 0440508460 
040 |b ita  |c importazione bologna sebina 
041 7 |a eng  |2 ISO-639-2 
100 1 |a Goldstone, Stephen E.  |0 IT\ICCU\UBOV\242115  |4 aut 
245 1 4 |a The ins and outs of gay sex: a medical handbook /  |c Stephen E. Goldstone. 
260 |a New York :  |b Dell,  |c 1999 
300 |a xii, 276 p. ;  |c 21 cm. 
942 |2 ddc  |c BK  |n 0 
952 |0 0  |1 0  |4 0  |6 DOC_613_950000000000000_GOL  |7 0  |9 13243  |a BO  |b BO  |d 2026-01-15  |i 5947  |l 0  |o DOC 613.95 GOL  |p BO5947  |r 2026-01-15 23:18:18  |w 2026-01-15  |x [Sebina 5] [1 v.]  |y BK  |z 1 v. 
999 |c 11366  |d 11366